Quiz de Malta - Statistics

Estatísticas Gerais
  • Esse quiz foi jogado 606 vezes
  • A pontuação média é 9 de 15
Estatísticas das Respostas
Dica Resposta % Correto
Países mais próximos de Malta Itália
97%
Mar onde Malta está situada Mar Mediterrâneo
93%
Moeda oficial Euro
90%
Línguas oficiais Inglês
89%
Malta era uma colônia deste país antes de 1964 Reino Unido
87%
Línguas oficiais Maltês
81%
Capital Valeta
81%
Países mais próximos de Malta Tunísia
73%
Malta tem a sexta maior _____ populacional de qualquer país Densidade
67%
Grupo de pessoas que foram expulsas de Malta em 1249 Muçulmanos
35%
Maior cidade do país St. {Paul}'s Bay
30%
Ordem militar que governou as ilhas entre 1530 a 1798 {Cavaleiros} Hospitalários
29%
Objeto que aparece na bandeira de Malta Cruz de {Jorge}
28%
Maiores ilhas depois da ilha de Malta Gozo
27%
Maiores ilhas depois da ilha de Malta Comino
16%
Nenhum quiz correspondente encontrado
Distribuição das Pontuações
Porcentagem de Pessoas com Cada Pontuação
Percentil de Números Respondidos
Sua Pontuação Histórica
Você não jogou esse quiz